MDQL
is popping MORE tags! Check the
thread
!
Quizzes
Events
Quiz Creation
Community
Videos
Private Events
Remove Ads
Sign In
Join for FREE
Feedback
Dark Mode
Quiz Categories
Sports
Geography
Music
Movies
Television
Just For Fun
Miscellaneous
History
Literature
Language
Science
Gaming
Entertainment
Religion
Holiday
For Kids
Quiz Lab
Recent
Popular Today
Quiz Kudos Today
Editor Picks
Curator Picks
Quizzes by...
Day
Popularity
Type
Ratings
Length
Year
Community
Subscriptions
Recent Discussions
Orange Saloon
Badges
Playlists
Quests
Create
Leaderboards
Showdown
Live 5
Trivia Bingo
Activity
Puzzle Library
Sporcle Events
Private Events
Virtual Trivia
Globe League
Become a Host
Pub Owners
SporcleCon
Opinionation
Our Games
Videos
Blog
Mobile Apps
Partnerships
Remove Ads and Go Orange
Feedback
Sports
Athletes
MLB
NBA
NHL
NFL
Soccer
Sports Teams
WWE
NCAA
Football
Premier League
Basketball
Baseball
Hockey
Golf
Tennis
Cricket
Rugby
Auto Racing
Olympics
World Cup
Sports
Athletes
MLB
NBA
NHL
NFL
Soccer
Sports Teams
WWE
NCAA
Football
Premier League
Basketball
Baseball
Hockey
Golf
Tennis
Cricket
Rugby
Auto Racing
Olympics
World Cup
Random Quiz
Search Sporcle
×
Quiz Lab
Quiz Lab
Sports
NHL
Type in answers that appear in a list
Type in answers that appear in a list
Classic
Best Score? Go Orange.
Vancouver Canucks All-Time Top Point Scorers Stats
Can you name the Vancouver Canucks All-Time Top Point Scorers?
By
johnnymac6
12m
150 Questions
556 Plays
556 Plays
556 Plays
Comments
Comments
Give Quiz Kudos
Give Quiz Kudos
-
- Ratings
hide this ad
Replay
Link that replays current quiz
Next Quiz
Link to next quiz in quiz playlist
You Got
0%
They Got
Avg Score
52%
Avg Friend Score
Upgrade to see
Score Distribution
Jump to the score distribution portion of the page
Score
0/150
Timer
12:00
1
Play Today
Years
Player
% Correct
2001-
18
Henrik Sedin
100%
2001-
18
Daniel Sedin
100%
1996-
2008
Markus Naslund
99.7%
1989-
98,02-
08
Trevor Linden
99.4%
1992-
98
Pavel Bure
99.1%
1998-
2006
Todd Bertuzzi
97.5%
1979-
91
Stan Smyl
95.6%
2000-
08
Brendan Morrison
94.9%
2015-
Bo Horvat
94.9%
2004-
14
Ryan Kesler
94%
2006-
17
Alexandre Burrows
94%
2017-
Brock Boeser
93.7%
2007-
Alexander Edler
93%
2019-
Elias Pettersson
92.4%
1998-
2009
Mattias Ohlund
91.5%
1983-
90
Tony Tanti
90.8%
1991-
96
Cliff Ronning
90.8%
1996-
2000
Alexander Mogilny
89.9%
2006-
15
Kevin Bieksa
89.2%
1979-
86
Thomas Gradin
88.9%
1984-
93
Doug Lidster
87.7%
1985-
91
Petri Skriko
87.3%
1999-
2006
Ed Jovanovski
87%
2011-
16
Dan Hamhuis
86.1%
1988-
95
Greg Adams
85.4%
1983-
87
Patrik Sundstrom
85.4%
1971-
76
Andre Boudrias
85.1%
1973-
80
Don Lever
84.8%
1990-
98
Jyrki Lumme
84.8%
1980-
84
Tiger Williams
84.5%
1971-
73
Dale Tallon
83.2%
2010-
11
Christian Ehrhoff
82.6%
2008-
17
Jannik Hansen
81.6%
1990-
92
Igor Larionov
81.6%
1994-
96
Jeff Brown
81.6%
1982-
91
Garth Butcher
81.3%
1972-
81
Dennis Kearns
80.1%
1991-
95
Geoff Courtnall
79.7%
1995-
97
Russ Courtnall
79.7%
1974-
77
John Gould
79.1%
1998-
2000
Mark Messier
78.8%
1989-
90
Paul Reinhart
78.2%
1976-
78
Mike Walton
77.8%
1986-
93,96
Jim Sandlak
77.5%
2015-
16
Radim Vrbata
76.9%
1994-
99
Bret Hedican
76.3%
1974-
79
Dennis Ververgaert
75%
1990-
91
Dan Quinn
75%
1980-
84
Darcy Rota
74.7%
1981-
83
Blair MacDonald
73.7%
Years
Player
% Correct
1999-
2008
Matt Cooke
73.4%
1979-
84
Kevin McCarthy
73.4%
1971-
72
Rosaire Paiement
73.1%
1981-
87
Rick Lanz
72.8%
1991-
95
Sergio Momesso
72.8%
1972-
75
Jocelyn Guevremont
72.8%
2003-
12
Sami Salo
72.2%
2006
Anson Carter
71.8%
2010-
12
Mikael Samuelsson
71.2%
1992-
98
Dave Babych
70.9%
2016-
Jake Virtanen
70.9%
1987-
90
Rich Sutter
70.3%
2016-
Brandon Sutter
70.3%
2011-
16
Chris Higgins
69.3%
1994-
98
Martin Gelinas
68.7%
1996-
97
Mike Ridley
68.7%
1991-
99
Dana Murzyn
67.7%
1991-
93
Petr Nedved
67.4%
1971-
72
Murray Hall
67.4%
2008-
13
Mason Raymond
65.5%
1991-
95
Gerald Diduck
65.5%
1975-
84,89-
90
Harold Snepsts
65.2%
1971-
74,81
Bobby Schmautz
64.9%
1976-
81
Rick Blight
64.6%
1989-
91
Steve Bozek
64.6%
1972-
77
Bobby Lalonde
63.6%
1995-
2001
Adrian Aucoin
63.6%
1991-
98
Gino Odjick
63.6%
1974-
81
Chris Oddleifson
63%
1988-
91
Brian Bradley
63%
1971-
73
Wayne Maki
63%
2011-
Chris Tanev
63%
1972-
74
Rich Lemieux
63%
2017-
Loui Eriksson
63%
2007-
10
Willie Mitchell
63%
1993-
94
Murray Craven
62.7%
1987-
90
Barry Pederson
61.7%
1983-
88
Michel Petit
61.7%
1984-
86
Cam Neely
61.4%
1978-
79
Pit Martin
61.1%
1980-
82
Per-Olov Brasar
60.1%
2009-
10
Steve Bernier
60.1%
1980-
83
Ivan Boldirev
59.5%
2000-
02
Andrew Cassels
58.9%
1975-
80
Ron Sedlbauer
58.2%
1979-
83
Curt Fraser
57.9%
1973-
78
Gerry O'Flaherty
57.9%
1978-
81,84-
85
Jere Gillis
57.9%
2015-
Sven Baertschi
57%
2009-
10
Pavol Demitra
56.6%
Years
Player
% Correct
1982-
83
Ivan Hlinka
55.7%
2007-
09
Taylor Pyatt
54.1%
1971-
72
Mike Corrigan
54.1%
1997-
2002
Donald Brashear
53.8%
1998-
2000,03-
04
Brad May
53.5%
1998-
2000
Dave Scatchard
51.9%
1982-
87
Moe Lemay
50.3%
1999-
2001,11
Peter Schaefer
47.5%
1991-
93
Robert Kron
45.9%
1971-
74
Orland Kurtenbach
45.3%
1999-
2004,07
Brent Sopel
45.3%
1975-
78
Garry Monahan
44.9%
1980-
86
Gary Lupul
38.9%
1993-
94
Dixon Ward
38%
2012-
15
Zack Kassian
31.6%
1984-
85
Peter McNab
30.4%
1981-
87
Doug Halward
30.1%
1986-
88
Steve Tambellini
29.1%
1987-
90
Jim Benning
28.5%
1993-
95,04
Jiri Slegr
27.8%
2017-
Troy Stecher
27.8%
2000-
06
Jarkko Ruutu
27.8%
2016-
19
Ben Hutton
25.6%
1991-
93
Garry Valk
25%
1996-
97
Esa Tikkanen
24.1%
1996-
98
Mike Sillinger
21.2%
1973-
74
Don Tannahill
20.9%
1982-
87
Marc Crawford
20.3%
2015-
18
Derek Dorsett
19.3%
1974-
77
Bob Dailey
19%
1990-
91
Dave Capuano
19%
1982-
84
Lars Molin
18.7%
2012-
14
David Booth
18.4%
1999-
2003
Trent Klatt
16.8%
1977-
81
Bob Manno
16.1%
1986-
87
Brent Peterson
15.8%
1979-
84
Lars Lindgren
14.6%
1985-
86
J.J. Daigneault
13.6%
2009-
10
Kyle Wellwood
13.3%
1990-
95
Adrien Plavsic
13%
2016-
19
Markus Granlund
11.7%
1977-
79
Hilliard Graves
10.4%
2000-
03
Harold Druken
6.3%
1971-
75
Barry Wilkins
6%
1989-
91
Robert Nordmark
5.4%
2000-
04
Artem Chubarov
3.8%
1982-
86
Jiri Bubla
2.8%
1974-
76
Paulin Bordeleau
2.8%
1975-
77
Mike Robitaille
2.8%
1972-
76
Gregg Boddy
0.9%
Quiz Playlist
Details
Report
Send in Message
Add To Playlist
Classic:
Type in answers that appear in a list
Last Updated: Mar 1, 2020
Quiz Scoreboard
CHALLENGE
Sign Up to Join the Scoreboard
Show All
Scores
Hide
Comments
May contain spoilers
Recently Published
1-10 Letter E Words III
by El_Dandy
Language
2m
Street Fighter Characters
by Artimus82
Gaming
60s
College Basketball Coaching Resumes
by pancakes188
Sports
9m
More to Explore
Quiz From the Vault
Featured Blog Post
Where Did the Easter Bunny Come From?
hide this ad
You Might Also Like...
Tags
NHL Quiz
Vancouver Canucks
Today's Top Quizzes in Sports
Browse Sports
hide this ad
Today's Top Quizzes in NHL
Browse NHL
Top Contributed Quizzes in Sports
1
2022 World Cup Stars
2
Les meilleurs buteurs des matchs entre le PSG et l’OM
3
FIFA Club World Cup Champions
4
Les entraîneurs de l'OM et du PSG au 21e siècle
5
Criteria MLB: Left Handed Sluggers
6
2023 MLB Unique Player Accomplishments
7
AFC Teams Reveal (Wrong Answers Minefield)
8
Players with Multiple 50 Home Run Seasons
9
5-to-1: FBS Animal Nicknames
10
5-to-1: UK Sports Teams
Explore More
Trending Topics
Marvel
Anime
NBA
Kpop
Harry Potter
Disney
Crossword
Country
NFL
Soccer
Song
Puzzle
Pokémon
WWE
The Office
hide this ad
More By:
johnnymac6
Quiz
Plays
Rating
Category
Featured
Created
NFL 2020 QB Rushing Leaders
2,415
4.43
Sports
Nov 4, 2020
NFL 2018 Passing Leaders
2,192
5.00
Sports
Oct 30, 2018
NFL 2017 Passing Leaders
1,969
4.33
Sports
Oct 3, 2017
NFL 2019 Rushing Leaders
1,965
3.29
Sports
Oct 9, 2019
NFL 2020 Rushing Leaders
1,913
4.20
Sports
Oct 7, 2020
Go to Creator's Profile
Score Distribution
Quiz Creator Spotlight
johnnymac6
Follow
Send a Message
Quizzes Created
-
Created Quiz Play Count
-
More By This Creator
Popular Quizzes Today
1
Find the US States - No Outlines Minefield
2
Find the Countries of Europe - No Outlines Minefield
3
The Countries of the World
4
Find the US States
5
Risky Map Clicking: Biggest States A-Z
6
US States
7
Popular People in 1961
8
Movies - When Are They Set?
More Sports Quizzes
49ers Stat Leaders Since 2000
Quiz Lab
Trending Quizzes
Risky Map Clicking: Least Populous States A-Z
1-10 Letter G Words
1-10 Letter F Words
Countries of the World: 200 Million BC
Risky Map Clicking: Next State Alphabetically
Recently Updated
Most Oscar Losses (Acting)
pecheneg
Beyoncé Albums
pecheneg
Leaping Animals
pecheneg
Reality TV Shows (A-Z)
bhenderson79
Rickey Henderson's Hall of Fame Teammates
pecheneg
Champions League XIs: Arsenal
pecheneg
Quick Pick: Celebrities in WWE's Hall of Fame
aduchscher
A-Z Keypad Blitz II
pecheneg
Multiple Oscar Actors
pecheneg
Mystery Phrase Blitz: Oscar 'Best Actors'
pecheneg
Trending Topics
Crossword
Anime
Marvel
NBA
Disney
Harry Potter
Kpop
NFL
Soccer
WWE
The Office
Song
Pokémon
Country
Puzzle
Your Account Isn't Verified!
In order to create a playlist on Sporcle, you need to verify the email address you used during registration. Go to your
Sporcle Settings
to finish the process.
Report this User
Report this user for behavior that violates our
Community Guidelines
.
Details:
Send Report
Go to the Sporcle.com Mobile Site →
Comments